Agent-based modelling of socio-technical systems / (Record no. 645)

MARC details
000 -LEADER
fixed length control field 00761nam a22002417a 4500
005 - DATE AND TIME OF LATEST TRANSACTION
control field 20250420134820.0
008 - FIXED-LENGTH DATA ELEMENTS--GENERAL INFORMATION
fixed length control field 200816b ||||| |||| 00| 0 eng d
020 ## - INTERNATIONAL STANDARD BOOK NUMBER
International Standard Book Number 9789400749320
040 ## - CATALOGING SOURCE
Transcribing agency KCST
082 ## - DEWEY DECIMAL CLASSIFICATION NUMBER
Classification number 006.3
Item number Ag
100 ## - MAIN ENTRY--PERSONAL NAME
Personal name Dam, Koen H. van [editor]
Dates associated with a name 1978-
9 (RLIN) 5167
245 ## - TITLE STATEMENT
Title Agent-based modelling of socio-technical systems /
Statement of responsibility, etc. Koen H van Dam; Igor Nikolic; Zofia Lukszo
260 ## - PUBLICATION, DISTRIBUTION, ETC.
Place of publication, distribution, etc. Dordrecht ; New York :
Name of publisher, distributor, etc. Springer,
Date of publication, distribution, etc. 2013.
300 ## - PHYSICAL DESCRIPTION
Extent 267 p.
440 ## - SERIES STATEMENT/ADDED ENTRY--TITLE
Title Agent-based social systems,
Number of part/section of a work v. 9.
9 (RLIN) 5168
650 ## - SUBJECT ADDED ENTRY--TOPICAL TERM
Topical term or geographic name entry element Statistics.
9 (RLIN) 4976
650 ## - SUBJECT ADDED ENTRY--TOPICAL TERM
Topical term or geographic name entry element Computer simulation.
9 (RLIN) 181
650 ## - SUBJECT ADDED ENTRY--TOPICAL TERM
Topical term or geographic name entry element Multiagent systems.
9 (RLIN) 5169
700 ## - ADDED ENTRY--PERSONAL NAME
Personal name Nikolic, Igor
Relator term editor
9 (RLIN) 5170
700 ## - ADDED ENTRY--PERSONAL NAME
Personal name Lukszo, Zofia
Relator term editor
9 (RLIN) 5171
942 ## - ADDED ENTRY ELEMENTS (KOHA)
Koha item type Book
942 ## - ADDED ENTRY ELEMENTS (KOHA)
Source of classification or shelving scheme Dewey Decimal Classification
Holdings
Withdrawn status Lost status Source of classification or shelving scheme Damaged status Not for loan Home library Current library Date acquired Source of acquisition Cost, normal purchase price Total checkouts Full call number Barcode Date last seen Price effective from Koha item type
    Dewey Decimal Classification     KCST Library KCST Library 16/08/2020 Dr. Rodrigo Magalhaes 0.00   006.3 Ag 1000000740 16/08/2020 16/08/2020 Book
© 2025 KCST. All rights reserved